000
00285nam a22001337a 4500
008
181031b xxu||||| |||| 00| 0 eng d
020
_a
0132175703
041
_a
eng
080
_a
101
100
_a
24
101
_a
FIL
245
_a
Doing Philosophy
_c
Katen, Th. E
942
_2
udc
_c
BK
999
_c
51366
_d
51366